000 01114cam a2200301Mc 4500
001 ocn796223740
005 20180622105856.0
008 170505s2012 sp o fr 000 0 spa d
015 _aMON1205
017 _aM 7975-2012
_bOficina Depósito Legal Madrid
020 _a9788441431133
020 _a8441431132
029 0 _aBNM
_ba5208538
035 _a(OCoLC)796223740
040 _aCo-BoUCM
_bspa
_cSaul Niño
_dSaul Niño
041 1 _aspa
_hger
100 1 _aRebel, Günther
_985595
245 1 3 _aEl lenguaje corporal
_blo que expresan las actitudes físicas, las posturas, los gestos y su interpretación
_cGünther Rebel ; [de la traducción, Eduardo Knörr]
260 _aMadrid
_bEdaf
_c2012
300 _a206 páginas
_bfotografías
650 7 _aLenguaje corporal
_918360
650 7 _aExpresión corporal
_915468
650 0 _aComunicación no verbal (Psicología)
_911382
700 1 _aKnörr, Eduardo
_etraductor
_985596
765 _tWas wir ohne Worte sagen die Natürliche Körpersprache
942 _2DEWEY
_a5
_cLIBRO
_e1
_h302.222
_mR289l
_n0
999 _c306536
_d306536